Państwa według częściowego obrazu satelitarnego #3 - Statystyki

Ogólne statystyki
  • Ten quiz został rozwiązany 3 106 razy
  • Średni wynik to 10 z 15
Statystyki odpowiedzi
Obrazkowy Odpowiedź % Poprawnych
Egipt
92%
Norwegia
92%
Islandia
90%
Rosja
85%
Irlandia
84%
Australia
83%
Chiny
80%
Stany Zjednoczone
74%
Indie
69%
Kanada
69%
Chile
56%
Tajlandia
47%
Haiti
45%
Holandia
29%
Senegal
21%
Nie znaleziono quizów pasujących do podanych kryteriów
Rozkład punktacji
Procent ludzi z każdym wynikiem
Percentyl według liczby udzielonych odpowiedzi
Twoja historia wyników
Nie rozwiązałeś tego quizu